=LDR 00000nam 2200000 4500 =001 INLIS000000000013753 =005 20200819012142 =035 ##$$a 0010-061300000013753 =008 200819################g##########0#ind## =041 ##$$a Ind =082 ##$$a 2x6.6 =090 ##$$a 2x6.6, Man s =100 ##$$a Mansur =245 1#$$a Sejarah sarekat islam dan pendidikan bangsa /$c Drs. Mansur, M.A =260 ##$$a Yogyakarta :$b Pustaka Pelajar,$c 2004 =300 ##$$a xv, 202 hlm, ; $c 20 x 13 cm. =650 #4$$a Sarekat islam =850 ##$$a NBPNMAT =084 ##$$a 2x6.6 MAN s =990 ##$$a 10407511